Countries Zoran Milanovic has visited - Statistics

General Stats
  • This quiz has been taken 43 times
    26 since last reset
  • The average score is 9 of 11
Answer Stats
Continent Country % Correct
Europe Austria
95%
Europe Bulgaria
85%
South America Chile
85%
Africa Egypt
85%
Europe Hungary
85%
Europe Italy
85%
Europe Montenegro
85%
Europe Slovenia
85%
Europe Germany
80%
Europe Kosovo
75%
Europe Vatican City
65%
No matching quizzes found
Score Distribution
Percent of People with Each Score
Percentile by Number Answered
Your Score History
You have not taken this quiz since the last reset